Lehigh Valley Schools - Statistics

General Stats
  • This quiz has been taken 178 times
  • The average score is 3 of 7
Answer Stats
% Correct
Lehigh University
97%
Lafayette College
62%
Moravian College
31%
Muhlenberg College
27%
Penn State Lehigh Valley
25%
DeSales University
23%
Cedar Crest College
19%
No matching quizzes found
Score Distribution
Percent of People with Each Score
Percentile by Number Answered
Your Score History
You have not taken this quiz